000 00607nam a2200181 4500
999 _c188939
_d188939
005 20220608105223.0
010 _aENG-133113
020 _a9788184621693
_c240.00
035 _aEN-116645
037 _bDBAD/PUB
082 _a294.1
100 _aMehta, Jayant B.
245 _aSynopsis of Isha Upanishad/
_cJayant B. Mehta
260 _aMumbai
_bVakils, Feffer and Simons Pvt.Ltd.
_c2018
270 _aIndustry Manor, 2nd Floor, A. Marathe Marg, Prabhadevi
_bMumbai
_e400025
_k0091-22-24306780
_minfo@vakilspublications.com
300 _a75p.
_c22cm(pbk)
942 _2ddc
_cEN
_h294.1
_mMEH